Советский Союз в Организации Объединенных Наций. Т. 2 (Запись № 8496052)

Подробности
000 -МАРКЕР
контрольное поле 01166nam2a22002531 4500
001 - ИДЕНТИФИКАТОР ЗАПИСИ
контрольное поле rc\4791851
005 - ИДЕНТИФИКАТОР ВЕРСИИ
контрольное поле 20130426133122.5
035 ## - ДРУГИЕ СИСТЕМНЫЕ НОМЕРА
Идентификатор записи (NLR Aleph) 008866789
100 ## - ДАННЫЕ ОБЩЕЙ ОБРАБОТКИ
Данные общей обработки 20130426d1965 |||y0rusy50 ca
101 0# - ЯЗЫК РЕСУРСА
Язык текста, звукозаписи и т.д. русский
102 ## - СТРАНА ПУБЛИКАЦИИ ИЛИ ПРОИЗВОДСТВА
Страна публикации Российская Федерация
105 ## - ПОЛЕ КОДИРОВАННЫХ ДАННЫХ: ТЕКСТОВЫЕ МАТЕРИАЛЫ, МОНОГРАФИЧЕСКИЕ
Кодированные данные о монографическом текстовом документе y z |||||
200 0# - ЗАГЛАВИЕ И СВЕДЕНИЯ ОБ ОТВЕТСТВЕННОСТИ
Основное заглавие Т. 2
Первые сведения об ответственности Ред. С.И. Висков
210 ## - ПУБЛИКАЦИЯ, РАСПРОСТРАНЕНИЕ И ДР.
Место издания, распространения и т.д. Москва
Имя издателя, распространителя и т. д. Наука
Дата издания, распространения и т.д. 1965
215 ## - ФИЗИЧЕСКАЯ ХАРАКТЕРИСТИКА
Специфическое обозначение материала и объем 671 с.
320 ## - ПРИМЕЧАНИЯ О НАЛИЧИИ В ДОКУМЕНТЕ БИБЛИОГРАФИИ / УКАЗАТЕЛЯ
Текст примечания Библиогр. / Сост. Г.С. Русина: с. 638-657
461 #0 - УРОВЕНЬ НАБОРА
Встроенное поле 001rc\4791849
-- 2001#$aСоветский Союз в Организации Объединенных Наций$eВ 2 т.$fРедколлегия: И.Г. Усачев (отв. ред.) [и др.]$g[Акад. наук СССР. Ин-т истории]. Т. 1-2$vТ. 2
Системный номер (АБИС) связанной записи 8496040
Место публикации Москва
Дата публикации 1965
Первые сведения об ответственности Редколлегия: И.Г. Усачев (отв. ред.) [и др.]
Имя издателя, распространителя и т.д. Наука
Сведения, относящиеся к заглавию В 2 т.
Физическая характеристика 2 т.
Заглавие Советский Союз в Организации Объединенных Наций
Номер тома Т. 2
702 #1 - ИМЯ ЛИЦА - ВТОРИЧНАЯ ОТВЕТСТВЕННОСТЬ
Начальный элемент ввода Висков
Часть имени, кроме начального элемента ввода С. И.
Код отношения Редактор
801 #0 - ИСТОЧНИК ЗАПИСИ
Страна Российская Федерация
Организация NLR
Правила каталогизации psbo
801 #1 - ИСТОЧНИК ЗАПИСИ
Страна Российская Федерация
Организация ELAR
Источник данных rusmarc
852 ## - МЕСТОНАХОЖДЕНИЕ И ШИФР ХРАНЕНИЯ
Идентификатор организации NLR
Шифр хранения (Call Number) 65-5/5162
942 ## - ДОПОЛНИТЕЛЬНЫЕ ЭЛЕМЕНТЫ ЗАПИСИ (АБИС)
Тип экземпляра АБИС Книга
980 ## - КОЛЛЕКЦИЯ
Название коллекции Национальная библиография
Экземпляры
Тип экземпляра Дата поступления Библиотека постоянного хранения Библиотека текущего хранения Место хранения Шифр хранения Штрих-код Статус экземпляра Стоимость
Книга 26.10.2013 РНБ (Московский) РНБ (Московский) Русский книжный фонд: издания с 1957 года 65-5/5162 1-1160206    
Книга 25.04.2014 РНБ (Московский) РНБ (Московский) Фонд общего зала социально-экономической литературы С1 Т3(2)73-6/С-561 1-470104   2.12